| 000 | 00711nam a22002297a 4500 | ||
|---|---|---|---|
| 005 | 20131008164152.0 | ||
| 008 | 121210t xxu||||| |||| 00| 0 eng d | ||
| 010 | _aENG-106292 | ||
| 020 |
_a9788184842302 _c2280.00 |
||
| 035 | _aEN-89825 | ||
| 037 | _bDBAD/PUB | ||
| 040 |
_aDPL _bEng |
||
| 082 | _a352.113 | ||
| 245 |
_aUnited Nations and global conflicts / _cedited by Chanchal Kumar [and] Sanju Gupta |
||
| 260 |
_aNew Delhi _bRegal Publications _c2013 |
||
| 270 |
_aF-159 Rajouri Garden _bNew Delhi _e110027 |
||
| 300 |
_axii,646p. _c24cm(Hb) |
||
| 500 | _aIncludes index | ||
| 700 |
_aChanchal Kumar _954150 |
||
| 700 |
_aGupta, Sanju _954155 |
||
| 942 |
_2ddc _cEN _mUNI _h352.113 |
||
| 999 |
_c71976 _d71976 |
||